| 000 | 00449nam a22001577a 4500 | ||
|---|---|---|---|
| 999 |
_c11754 _d11754 |
||
| 008 | 210101b ||||| |||| 00| 0 eng d | ||
| 020 | _a9788131708286 | ||
| 082 |
_a629.8 _bGHO |
||
| 100 | _aGhosh, Smarajit | ||
| 245 | _aControl systems : theory and applications | ||
| 260 |
_aNew Delhi _bDorling kindersley (India) Pvt. Ltd. _c2012 |
||
| 300 |
_axvi, 612p. _bPbc |
||
| 650 | _aAutomatic control | ||
| 650 | _aMechanical engineering | ||
| 942 | _cBK | ||